Cọp trong văn hóa dân gian
Gardado en:
| Autor Principal: | |
|---|---|
| Formato: | Libro |
| Idioma: | Vietnamese |
| Publicado: |
Hà Nội
Văn hóa thông tin
2014
|
| Những chủ đề: | |
| Các nhãn: |
Engadir etiqueta
Sen Etiquetas, Sexa o primeiro en etiquetar este rexistro!
|
| Thư viện lưu trữ: | Trung tâm Học liệu Lê Vũ Hùng, Trường Đại học Đồng Tháp |
|---|
| LEADER | 00957aam a22003258a 4500 | ||
|---|---|---|---|
| 001 | 00032462 | ||
| 005 | 20171026081025.0 | ||
| 008 | 140908s2014 ||||||viesd | ||
| 020 | # | # | |a 9786045015476 |
| 041 | 0 | # | |a vie |
| 082 | 1 | 4 | |a 398.24 |b C434TR |
| 100 | 1 | # | |a Nguyễn, Thanh lợi |
| 245 | 1 | 0 | |a Cọp trong văn hóa dân gian |c Nguyễn Thanh Lợi |
| 260 | # | # | |a Hà Nội |b Văn hóa thông tin |c 2014 |
| 300 | # | # | |a 651 tr. |b ảnh |c 21 cm |
| 500 | # | # | |a ĐTTS ghi: Hội Văn nghệ dân gian Việt Nam |
| 653 | # | # | |a Con cọp |
| 653 | # | # | |a Hình tượng |
| 653 | # | # | |a Văn học dân gian |
| 653 | # | # | |a Văn hóa dân gian |
| 653 | # | # | |a Việt Nam |
| 653 | # | # | |a Thế giới |
| 852 | # | # | |j KD.0015957 |
| 852 | # | # | |b Kho đọc |j KD.0015957 |
| 910 | |d 8/9/2014 | ||
| 980 | # | # | |a Trung tâm Học liệu Lê Vũ Hùng, Trường Đại học Đồng Tháp |


